Impact of panchayati raj on the aboriginals of Melghat Taluq from 1962 to 1972 : With special reference to Dharni tribal development block (Record no. 15164)

MARC details
000 -LEADER
fixed length control field 00762nam a2200193Ia 4500
082 ## - DEWEY DECIMAL CLASSIFICATION NUMBER
Classification number TM.0084
100 ## - MAIN ENTRY--AUTHOR NAME
Personal name Mohod, Sudam Budhaji
245 #0 - TITLE STATEMENT
Title Impact of panchayati raj on the aboriginals of Melghat Taluq from 1962 to 1972 : With special reference to Dharni tribal development block
260 ## - PUBLICATION, DISTRIBUTION, ETC. (IMPRINT)
Year of publication 1977
Name of publisher Nagpur University
300 ## - PHYSICAL DESCRIPTION
Number of Pages 188p. + C D -25
650 ## - SUBJECT ADDED ENTRY--TOPICAL TERM
Topical Term SEO///TRIBES AND TRIBALS
650 ## - SUBJECT ADDED ENTRY--TOPICAL TERM
Topical Term GEO///TRIBES AND TRIBALS
650 ## - SUBJECT ADDED ENTRY--TOPICAL TERM
Topical Term PANCHAYAT - MAHARASHTRA - MELGHAT TALUQ
650 ## - SUBJECT ADDED ENTRY--TOPICAL TERM
Topical Term TRIBES AND TRIBALS - MAHARASHTRA - MELGHAT TALUQ
650 ## - SUBJECT ADDED ENTRY--TOPICAL TERM
Topical Term DHARNI TRIBAL DEVELOPMENT BLOCK (MAHARASHTRA)
650 ## - SUBJECT ADDED ENTRY--TOPICAL TERM
Topical Term TRIBAL DEVELOPMENT - MAHARASHTRA///DHARNI TRIBAL DEVELOPMENT BLOCK (MAHARASHTRA)
710 ## - ADDED ENTRY--CORPORATE NAME
Corporate name or jurisdiction name as entry element Deshpande, N.R.
942 ## - ADDED ENTRY ELEMENTS (KOHA)
Koha item type Thesis
Source of classification or shelving scheme Dewey Decimal Classification
Holdings
Withdrawn status Lost status Damaged status Not for loan Home library Current library Date acquired Full call number Accession Number Price effective from Koha item type
        NASSDOC Library NASSDOC Library 08/10/2004 TM.0084 12921 18/04/2019 Thesis